Catálogo
 En Linea

Lingüística románica / (Registro nro. 41609)

Detalles MARC
000 -CABECERA
campo de control de longitud fija 00831nam a2200217 a 4500
001 - NÚMERO DE CONTROL
campo de control 000042120
005 - FECHA Y HORA DE LA ÚLTIMA TRANSACCIÓN
campo de control 20201002035942.0
008 - DATOS DE LONGITUD FIJA--INFORMACIÓN GENERAL
campo de control de longitud fija 131114s1970 sp 000 0 spa d
040 ## - FUENTE DE LA CATALOGACIÓN
Centro catalogador/agencia de origen DO-SdBNP
Lengua de catalogación spa
Centro/agencia transcriptor BNPHU
082 ## - NÚMERO DE LA CLASIFICACIÓN DECIMAL DEWEY
Número de clasificación xxx
Número de documento/Ítem L388L
100 1# - ENTRADA PRINCIPAL--NOMBRE DE PERSONA
Nombre de persona Lausberg, Heinrichi
9 (RLIN) 69122
240 10 - TÍTULO UNIFORME
Título uniforme Romanische Sprachwissenschaft
Lenguaje de la obra alemán
245 10 - MENCIÓN DE TÍTULO
Título Lingüística románica /
Mención de responsabilidad, etc. Heinrich Lausberg ; traducción española de J. Pérez Riesco, E. Pascual Rodríguez.
260 ## - PUBLICACIÓN, DISTRIBUCIÓN, ETC.
Lugar de publicación, distribución, etc. Madrid :
Nombre del editor, distribuidor, etc. Gredos,
Fecha de publicación, distribución, etc. 1970.
300 ## - DESCRIPCIÓN FÍSICA
Extensión 1v. ;
Dimensiones 20 cm.
490 1# - MENCIÓN DE SERIE
Mención de serie Biblioteca románica hispánica
-- manuales
Designación de volumen o secuencia 3
500 ## - NOTA GENERAL
Nota general Incluye referencias bibliográficas y notas al pie de las páginas.
700 12 - PUNTO DE ACCESO ADICIONAL--NOMBRE DE PERSONA
Nombre de persona Pérez Riesco, J.
Término indicativo de función/relación tr.
9 (RLIN) 69123
700 12 - PUNTO DE ACCESO ADICIONAL--NOMBRE DE PERSONA
Nombre de persona Pascual Rodríguez, E.
Término indicativo de función/relación tr.
9 (RLIN) 69124
830 #0 - PUNTO DE ACCESO ADICIONAL DE SERIE-TÍTULO UNIFORME
Título uniforme Biblioteca románica hispánica
Nombre de parte o sección de la obra manuales
Número de parte o sección de la obra 3
9 (RLIN) 69125
Existencias
Estado de retiro Estado de pérdida Restricciones de uso No para préstamo Código de colección Localización permanente Ubicación/localización actual Ubicación en estantería Fecha de adquisición Número de inventario Total de préstamos Signatura topográfica completa Código de barras Fecha visto por última vez Precio válido a partir de Tipo de ítem Koha
      Excluido de préstamo Monografías: Libros y Folletos Patrimonio Dominicano Patrimonio Dominicano En catalogación 14.11.2013 LF1   xxx L388L 42120-10 25.06.2020 25.06.2020 No se presta

Con tecnología Koha